000
00216nam a22000857a 4500
008
160718b xxu||||| |||| 00| 0 eng d
100
_9
3038
_a
Singh G
245
_a
General Knowledge-8
260
_a
New Delhi
_b
Holy Faith
_c
2007
999
_c
2601
_d
2601